1073 1927 1351 1886 1562 1361 1984 1686 1804 1465 1661 1563 1575 1016 1310 1935 1616 1179 1611 1360 1306 1820 1355 1756 1964 1255 1693 1131 1514 1502 1660 1207 1297 1244 1451 1081 1326 1046 1406 1841 1022 1994 1915 1984 1273 1252 1923 1209 1846 1127 1057 1054 1109 1065 1903 1885 1002 1640 1002 1345 1109 1209 1056 1251 1873 1200 1587 1314 1355 1211 1285 1182 1974 1204 1446 1252 1146 1588 1880 1106 1217 1683 1560 1500 1376 1172 1807 1950 1177 1756 1703 1179 1469 1053 1606 1101 1465 1627 1781 BCNSPRNW ULIB Ver.6.0+V

เปลี่ยนเป็นภาษาไทย

Change to English
 แสดงรายละเอียดบรรณานุกรม
  กลับหน้าหลัก

Brief Record : Get Marc (ISO 2709) : E-mail record : QR code < ปิดหน้าต่าง
LEADER : 00000nam 2200000uu 4500
001    13399126808
003     ULIB
008    190306s2561||||th 000 0 tha d
020    ^a9786163071064
060  0 ^aWS155.4 ม765จ
100    ^aมอนเตสซอรี่, มาเรีย.
245    ^aจิตซึมซาบของเด็ก =^bThe absorbent mind /^cมาเรีย มอนเตสซอรี่, เขียน ; นวลจันทร์ ธัญโชติกานต์, แปล.
250    ^aพิมพ์ครั้งที่ 1.
260    ^aกรุงเทพฯ :^bมูลนิธิเด็ก,^c2561.
300    ^a312 หน้า :^bภาพประกอบ ;^c23 ซม.
650    ^aเด็ก^xการดูแล.
650    ^aจิตวิทยาเด็ก.
700    ^aนวลจันทร์ ธัญโชติกานต์.
945    ^p350^l0^i27329
945    ^p350^l0^i27328
999    ^aกัณชพร จุลอักษร
รายการนี้ยังไม่มีแท็ก
คุณยังไม่ได้ล็อกอิน คุณสามารถมีกิจกรรมร่วมกับเว็บไซต์ได้ แต่ต้องล็อกอินก่อน ::
  ล็อกอิน

รายการสื่อสารสนเทศ

ลำดับที่ ประเภท เลขเรียก/บาร์โค้ด สถานที่ สถานะ
1. วิทยาศาสตร์การแพทย์ และสุขภาพ
วิทยาศาสตร์การแพทย์ และสุขภาพ
WS155.4 ม765จ ฉ.1 
  Barcode: 27328
ห้องสมุดวิทยาเขตนครสวรรค์
►หนังสือทั่วไป:l:General Books
บนชั้น
2. วิทยาศาสตร์การแพทย์ และสุขภาพ
วิทยาศาสตร์การแพทย์ และสุขภาพ
WS155.4 ม765จ ฉ.2 
  Barcode: 27329
ห้องสมุดวิทยาเขตนครสวรรค์
►หนังสือทั่วไป:l:General Books
บนชั้น

รายการใกล้เคียง
    ผู้แต่ง [มอนเตสซอรี่, มาเรีย.]

    หัวเรื่อง [จิตวิทยาเด็ก.]

BibComment


ยังไม่เคยถูกคอมเมนท์

คอมเมนท์ทรัพยากรรายการนี้
  คอมเมนท์: จิตซึมซาบของเด็ก..


 Copyright 2026. Bcnsprnw @Library